000 00667nam a2200241Ia 4500
003 OSt
005 20220924114953.0
006 a|||||r|||| 00| 0
007 ta
008 220923b |||||||| |||| 00| 0 san d
024 _a38260
037 _cTextual
040 _aARTS
_cARTS
_bsan
041 _2san
_asan
082 _aO15,1x, J3
100 _aChaudhuri Jatindra Bimal
_963122
245 0 _aVangiya duta kavyetihasa
260 _aCalcutta
_bInsturdte of Oriental Learning India
_c1953
300 _a104p.
_ccm.
650 _aSANSKRIT LITERATURE
942 _hO15,1x, J3
_cTEXL
_2CC
999 _c396213
_d396213